Geographic Extremes by Country - Statistics

General Stats
  • This quiz has been taken 59 times
  • The average score is 12 of 14
Answer Stats
Extreme Country % Correct
Highest Mountain China/Nepal
100%
Largest Coral Reef Australia
98%
Largest Lake Russia/Iran…
98%
Coldest Inhabited Place Russia
96%
Tallest Building United Arab Emirates
96%
Largest Canyon United States
96%
Largest Island Denmark
95%
Highest Waterfall Venezuela
87%
Longest Mountain Range Colombia/Ecuador…
84%
Lowest Point On Land Israel/Jordan
73%
Driest Place Chile
69%
Oldest City (Still Inhabited) Egypt
65%
Wettest Place India
62%
Hottest Inhabited Place Ethiopia
40%
No matching quizzes found
Score Distribution
Percent of People with Each Score
Percentile by Number Answered
Your Score History
You have not taken this quiz